000 00606nam a2200241Ia 4500
003 OSt
005 20220924143757.0
006 a|||||r|||| 00| 0
007 ta
008 220923b |||||||| |||| 00| 0 urd d
020 _c16.00
024 _a310378
037 _cTextual
040 _aARTS
_cARTS
_burd
041 _2urd
_aurd
082 _aO168:gxN36,1, L8
100 _aHanfi Muzaffar
245 0 _aNaqd Reze
_b Tanqeedi mazameen
260 _c1978
650 _aURDU LITERATURE
942 _hO168:gxN36,1, L8
_cTEXL
_2CC
999 _c455662
_d455662